<?xml version="1.0" encoding="UTF-8"?>
<record
    xmlns:xsi="http://www.w3.org/2001/XMLSchema-instance"
    xsi:schemaLocation="http://www.loc.gov/MARC21/slim http://www.loc.gov/standards/marcxml/schema/MARC21slim.xsd"
    xmlns="http://www.loc.gov/MARC21/slim">

  <leader>03398nam a2200253   4500</leader>
  <controlfield tag="003">vecauma</controlfield>
  <controlfield tag="005">20260416142128.0</controlfield>
  <controlfield tag="007">ta</controlfield>
  <controlfield tag="008">260416b        ve ||||| |||| 00| 0 spa d</controlfield>
  <datafield tag="020" ind1=" " ind2=" ">
    <subfield code="a">9701018907</subfield>
  </datafield>
  <datafield tag="040" ind1=" " ind2=" ">
    <subfield code="a">vecauma</subfield>
    <subfield code="b">spa</subfield>
    <subfield code="c">vecauma</subfield>
    <subfield code="d">vecauma</subfield>
    <subfield code="e">rda</subfield>
  </datafield>
  <datafield tag="041" ind1=" " ind2=" ">
    <subfield code="a">spa</subfield>
  </datafield>
  <datafield tag="100" ind1="1" ind2=" ">
    <subfield code="e">autor</subfield>
  </datafield>
  <datafield tag="245" ind1="1" ind2=" ">
    <subfield code="a">La imagen del &#xE9;xito </subfield>
    <subfield code="c">/ Gaby Vargas </subfield>
  </datafield>
  <datafield tag="264" ind1=" " ind2=" ">
    <subfield code="a">M&#xE9;xico:</subfield>
    <subfield code="b">McGraw-Hill;</subfield>
    <subfield code="c">1998.</subfield>
  </datafield>
  <datafield tag="300" ind1=" " ind2=" ">
    <subfield code="a">205 p&#xE1;ginas.</subfield>
  </datafield>
  <datafield tag="336" ind1=" " ind2=" ">
    <subfield code="a">texto</subfield>
    <subfield code="b">txt</subfield>
    <subfield code="2">rdacontenido</subfield>
  </datafield>
  <datafield tag="337" ind1=" " ind2=" ">
    <subfield code="a">no mediado</subfield>
    <subfield code="b">n</subfield>
    <subfield code="2">rdamedio</subfield>
  </datafield>
  <datafield tag="338" ind1=" " ind2=" ">
    <subfield code="a">volumen</subfield>
    <subfield code="b">nc</subfield>
    <subfield code="2">rdasoporte</subfield>
  </datafield>
  <datafield tag="505" ind1="0" ind2=" ">
    <subfield code="a">Comunicaci&#xF3;n no verbal 
Su imagen. Su mejor argumento /
&#xBF;Qu&#xE9; comunica su persona sin hablar? /
Los sentidos &#xBF;Qu&#xE9; comunican? /
La fuerza del estilo propio /
La ropa
Una imagen ejecutiva de primer nivel /
Usted es especial /
Los accesorios... La  clave de la elegancia /
Protocolo
Presentaciones y citas de negocios /
&#xBF;C&#xF3;mo ser un buen conversador? /
Etiqueta del ejecutivo /
La mesa /
Lenguaje corporal
Lo que comunica su cuerpo /</subfield>
  </datafield>
  <datafield tag="520" ind1="3" ind2=" ">
    <subfield code="a">Gabriela Vargas de Gonz&#xE1;lez Carbonell es esposa y madre de tres hijos, es fundadora y directora de Dise&#xF1;o Facial Spa y de Imagen Ejecutiva Empresarial.
Desde 1977 se ha dedicado al estudio y asesor&#xED;a de imagen. Su formaci&#xF3;n profesional en el campo de la superaci&#xF3;n personal, y la comunicaci&#xF3;n no verbal la efectu&#xF3; tomando diversos cursos en Institutos de Europa, Estados Unidos y M&#xE9;xico.
Durante dos a&#xF1;os y medio, escribi&#xF3; para el peri&#xF3;dico El Universal con la columna "Imagen Ejecutiva". Ha sido entrevistada por diferentes canales de televisi&#xF3;n, estaciones de radio, peri&#xF3;dicos y revistas sobre el tema "La importancia de la imagen y la comunicaci&#xF3;n no verbal".
Actualmente es conferencista, participa con la secci&#xF3;n "El lenguaje de la imagen" en el noticiero "Para empezar" con Pedro Ferriz de Con, colabora en el peri&#xF3;dico Reforma en la secci&#xF3;n "Moda", y escribe para la revista "Paula". Es miembro honorario del International Women's Forum, y del Fashion Group International.

Imagen, mensajes no verbales, claves sobre qui&#xE9;nes somos y qu&#xE9; hemos logrado y esperamos obtener, vestimenta, actitudes, tono de voz, arreglo, buenos modales. Todos son un gran conjunto de signos reveladores de nuestra personalidad y de nuestra vida.
Lenguaje interior y exterior expresado en detalles que la autora Gabriela Vargas conoce mejor que nadie como especialista en imagen y como una mujer triunfadora.
Gaby comparte con sus lectores esos grandes secretos que constituyen un lenguaje con tanta fuerza que no deja o&#xED;r con claridad las palabras. Esa imagen que logra, convence, encanta y conduce a las grandes ligas. Ese protocolo del mundo empresarial, no escrito hasta ahora en M&#xE9;xico, que muchos conocen pero que otros muchos podr&#xE1;n tener ahora a su alcance. Un mundo de mensajes, claves y sugerencias para poder comunicar con impacto lo m&#xE1;s importante que un ser humano desea dar a conocer: su yo.
El libro est&#xE1; dividido en cuatro grandes secciones: lenguaje no verbal, protocolo, la ropa y lenguaje corporal. Todas y cada una son fundamentales para ese ejecutivo en ascenso que desea manejar con soltura y confianza el lenguaje de los grandes triunfadores.
Le aseguramos que despu&#xE9;s de leer este libro podr&#xE1; hablar de antes y despu&#xE9;s... camino al &#xE9;xito.</subfield>
  </datafield>
  <datafield tag="942" ind1=" " ind2="1">
    <subfield code="2">lcc</subfield>
    <subfield code="n">0</subfield>
    <subfield code="c">BK</subfield>
  </datafield>
  <datafield tag="999" ind1=" " ind2=" ">
    <subfield code="c">13386</subfield>
    <subfield code="d">13386</subfield>
  </datafield>
  <datafield tag="952" ind1=" " ind2=" ">
    <subfield code="0">0</subfield>
    <subfield code="1">0</subfield>
    <subfield code="2">lcc</subfield>
    <subfield code="4">0</subfield>
    <subfield code="7">0</subfield>
    <subfield code="8">CG</subfield>
    <subfield code="a">BUMA</subfield>
    <subfield code="b">BUMA</subfield>
    <subfield code="c">GEN</subfield>
    <subfield code="d">2026-04-16</subfield>
    <subfield code="i">49093</subfield>
    <subfield code="l">0</subfield>
    <subfield code="p">2026-0528</subfield>
    <subfield code="r">2026-04-16</subfield>
    <subfield code="w">2026-04-16</subfield>
    <subfield code="y">BK</subfield>
  </datafield>
</record>
